00549nam a22001577a 450000500170000001000150001702000260003203500140005803700090007208200060008110000360008724501060012326000600022927000810028930000210037020220221113043.0 aENG-131703 a9789389253436c399.00 aEN-115235 bDBAD aS aD'Silva, Sarbajeet Mohanty Neil aThe Spirits Talk to Me:bTrue Accounts of Paranormal Investigations/cSarbajeet Mohanty Neil D' Silva aGurugrambHachette Book Publishing India Pvt. Ltdc2020 a4Th & 5th Floors, Corporate Centre, Plot No. 94, Sector 44bGurugrame122003 a238p.c20cm(pbk)